| 000 | 00796nam a2200241 i 4500 | ||
|---|---|---|---|
| 001 | 125683 | ||
| 003 | ES-SlBCS | ||
| 005 | 20210327224250.0 | ||
| 008 | 200129s1989 sp | spa d | ||
| 017 |
_aM 42322-1989 _bOficina Depósito Legal Madrid |
||
| 020 | _a8476403615 | ||
| 040 |
_aSpMaBN _bspa _cCEN _dES-SlBCS |
||
| 041 | 1 |
_aspa _hfre |
|
| 100 | 1 |
_aDoresse, Jean _9117393 |
|
| 245 | 1 | 3 |
_aEl Evangelio según Tomás _b: el Evangelio de los evangelios _cJean Doresse; [traducido por Felicitas di Fidio] |
| 260 |
_aMadrid : _bEdaf, _cD.L. 1989 |
||
| 300 |
_a246 p. ; _c23 cm |
||
| 490 | 0 | _aNuevos temas | |
| 504 | _aBibliografía : p.243 - 246. Indices | ||
| 630 | 0 |
_aEvangelio de Tomás _xCrítica e interpretación _991931 |
|
| 700 | 1 |
_aDi Fidio, Felicitas _9117394 |
|
| 942 |
_2lcc _cBK |
||
| 999 |
_c483282 _d483282 |
||